Statistics for Footballers by Career - Lille

Click here to take the quiz!

General Stats

  • This quiz has been taken 26 times
  • The average score is 5 of 10

Answer Stats

Player% Correct
Idrissa Gueye
88%
Yohan Cabaye
83%
Mathieu Debuchy
75%
Adil Rami
67%
Stephan Lichtsteiner
67%
Djibril Sidibé
54%
Peter Odemwingie
33%
Ludovic Obraniak
29%
Pape Souaré
25%
Bruno Cheyrou
8%

Score Distribution

Percentile by Number Answered

Percent of People with Each Score

Your Score History

You have not taken this quiz